LEADER 00809nam a2200193 i 4500 001 000000044485 003 CaOOAMICUS 005 20240521145054.0 008 120801s1857 it u000 u ita u 013 $a15655 040 $aSeMil$bita 100 1 $aCharvaz, André,$c.$0(OLS)http://semarc/name/12409 245 10$aVol. 1. 300 $a259 p. 773 0 $aCharvaz, André $tGuida del catecumeno valdese, ossia difesa del cattolicismo contro gli errori dei protestanti.$dTorino : Speirani e Tortone, 1857.$kBiblioteca ecclesiastica$g1$w()27177 850 $aSeMil 852 $aSeMil$W1$xVenegono$y1$m2B IV 17 FA$j10640$B10640$CSeMilBibl$Z2$F10640 $8I 996 $6245$aVol. 1$9(OLS)http://semarc/title/13429 LEADER 01208nam a2200265 i 4500 001 000000082728 003 CaOOAMICUS 005 20180326000000.0 008 180326s2005 it u000 u ita u 013 $a54968 020 $a88-7402-179-8 040 $aSeMil$bita 100 1 $aVenturini, Giulio.$0(OLS)http://semarc/name/49522 245 13$aUn cammino di fede, di gioia e... di eleganza :$bDon Michele Peyron, fondatore della «Turris Eburnea» /$cGiulio Venturini, Antonio d'Osasco. 260 $aCantalupa (TO) :$bEffatà,$c2005. 300 $a245 p. :$bill. ;$c21 cm. 500 $aCon dedica dell'Autore. 650 4$aPeyron, Michele .$0(OLS)http://semarc/subject/45600 700 1 $aD'Osasco, Antonio.$0(OLS)http://semarc/name/92007 850 $aSeMil 852 $aSeMil$W1$xVenegono$y1$m3G V 374$j47549$B47549$CSeMilBibl$Z2$F50327 $81 961 $aOmaggio: Delpini mons. Mario 996 $6020$a88-7402-179-8$9(OLS)http://semarc/number/271428 996 $6245$aUn cammino di fede, di gioia e... di eleganza :$bDon Michele Peyron, fondatore della «Turris Eburnea»$9(OLS)http://semarc/title/405205 996 $6260$aCantalupa (TO) :$bEffatà$9(OLS)http://semarc/publisher/32483